CHILDREN'S WORLD ENCYCLOPEDIA (Record no. 2161)
[ view plain ]
| 000 -LEADER | |
|---|---|
| fixed length control field | 00309nam a22001337a 4500 |
| 020 ## - INTERNATIONAL STANDARD BOOK NUMBER | |
| ISBN | 978-81-219-3459-6 |
| 082 ## - DEWEY DECIMAL CLASSIFICATION NUMBER | |
| Classification number | 030 |
| Item number | CON/C |
| 100 ## - MAIN ENTRY--AUTHOR NAME | |
| Personal name | CONNOLLY, SEAN |
| 245 ## - TITLE STATEMENT | |
| Title | CHILDREN'S WORLD ENCYCLOPEDIA |
| 260 ## - PUBLICATION, DISTRIBUTION, ETC. (IMPRINT) | |
| Place of publication | INDIA |
| Name of publisher | S. CHAND & CO |
| Year of publication | 2010 |
| 300 ## - PHYSICAL DESCRIPTION | |
| Number of Pages | 247 |
| 650 ## - SUBJECT ADDED ENTRY--TOPICAL TERM | |
| Topical Term | ENCYCLOPEDIA |
| Geographic subdivision | INDIA |
| 942 ## - ADDED ENTRY ELEMENTS (KOHA) | |
| Koha item type | Books |
| Withdrawn status | Lost status | Collection code | Home library | Current library | Shelving location | Date acquired | Source of acquisition | Cost, normal purchase price | Full call number | Accession Number | Koha item type |
|---|---|---|---|---|---|---|---|---|---|---|---|
| Reference | Main Library | Main Library | SHELF 1 H -DICTIONARY, ENCYCLOPEDIA | 27/11/2015 | purchase | 599.00 | 030 CON/C | 05344 | Books | ||
| Reference | Main Library | Main Library | SHELF 1 H -DICTIONARY, ENCYCLOPEDIA | 23/09/2014 | purchase | 599.00 | 030 CON/C | 07374 | Books | ||
| Reference | Main Library | Main Library | SHELF 1 H -DICTIONARY, ENCYCLOPEDIA | 14/07/2016 | purchase | 599.00 | 030 CON/C | 04372 | Books |